000 00249nam a2200097Ia 4500
001 1073681
005 20250827002206.0
008 250824s9999 xx 000 0 und d
245 0 _aİKNA ETMEK İÇİN YAZMAK
_cTRISH HALL
260 _bORENDA YAYINLARI
999 _c1073681
_d1073681